[Event "Week's Tournament Elo 1799- (WT1)"]
[Site "Biel, CH"]
[Date "2025.07.24"]
[Round "4"]
[White "Boesch, Roman"]
[Black "Studer, Jonas"]
[Result "1-0"]
[Board "16"]
[WhiteFideId "1363786"]
[BlackFideId "1327968"]
[WhiteElo "1780"]
[BlackElo "1550"]
[WhiteTeam "SUI"]
[BlackTeam "SUI"]
[WhiteClock "0:10:00"]
[BlackClock "0:36:55"]
[Variant "Standard"]

1. d4 {[%clk 1:00:59]}  Nf6 {[%clk 1:00:23]} 2. c4 {[%clk 1:01:24]}  g6 {[%clk 1:00:35]} 3. Nc3 {[%clk 1:01:50]}  Bg7 {[%clk 1:00:55]} 4. e4 {[%clk 1:02:12]}  O-O {[%clk 1:01:16]} 5. Nf3 {[%clk 1:02:36]}  d6 {[%clk 1:01:27]} 6. Be2 {[%clk 1:02:54]}  e5 {[%clk 1:01:34]} 7. d5 {[%clk 0:57:25]}  Nbd7 {[%clk 0:57:24]} 8. O-O {[%clk 1:02:35]}  Ne8 {[%clk 0:56:44]} 9. Bg5 {[%clk 1:01:22]}  f6 {[%clk 0:57:58]} 10. Bh4 {[%clk 1:00:57]}  Rf7 {[%clk 0:53:46]} 11. Ne1 {[%clk 1:00:31]}  Bf8 {[%clk 0:49:56]} 12. Bg4 {[%clk 0:59:35]}  Rg7 {[%clk 0:55:56]} 13. Be6+ {[%clk 0:53:11]}  Kh8 {[%clk 0:49:42]} 14. f4 {[%clk 0:49:33]}  Qe7 {[%clk 0:45:29]} 15. Qg4 {[%clk 0:45:42]}  Nb6 {[%clk 0:39:23]} 16. c5 {[%clk 0:40:23]}  Bxe6 {[%clk 0:47:34]} 17. dxe6 {[%clk 0:39:41]}  Nc4 {[%clk 0:46:17]} 18. Nd5 {[%clk 0:36:50]}  Qd8 {[%clk 0:44:14]} 19. Qe2 {[%clk 0:33:13]}  Na5 {[%clk 0:43:56]} 20. fxe5 {[%clk 0:30:15]}  g5 {[%clk 0:43:49]} 21. exf6 {[%clk 0:26:47]}  Nxf6 {[%clk 0:36:43]} 22. Nxf6 {[%clk 0:23:35]}  gxh4 {[%clk 0:44:19]} 23. Nd3 {[%clk 0:16:52]}  Nc6 {[%clk 0:40:59]} 24. Qe3 {[%clk 0:14:33]}  Be7 {[%clk 0:37:35]} 25. Qh6 {[%clk 0:13:52]}  Bxf6 {[%clk 0:39:06]} 26. Rxf6 {[%clk 0:14:16]}  Qg8 {[%clk 0:38:12]} 27. Nf4 {[%clk 0:13:37]}  Ne5 {[%clk 0:35:46]} 28. h3 {[%clk 0:11:27]}  Rf8 {[%clk 0:36:21]} 29. Rxf8 {[%clk 0:11:10]}  Qxf8 {[%clk 0:36:41]} 30. Rf1 {[%clk 0:11:21]}  Rxg2+ {[%clk 0:36:58]} 31. Nxg2 {[%clk 0:10:46]}  Qxh6 {[%clk 0:37:22]} 32. e7 {[%clk 0:10:44]}  Qh5 {[%clk 0:35:26]} 33. Rf8+ {[%clk 0:10:42]}  Kg7 {[%clk 0:35:51]} 34. e8=Q {[%clk 0:09:18]}  Qd1+ {[%clk 0:34:28]} 35. Kh2 {[%clk 0:03:01]}  Nf3+ {[%clk 0:29:20]} 36. Rxf3 {[%clk 0:09:41]}  Qxf3 {[%clk 0:29:48]} 37. Qd7+ {[%clk 0:09:17]}  Kh6 {[%clk 0:29:59]} 38. Qe6+ {[%clk 0:10:07]}  Kg7 {[%clk 0:30:09]} 39. Qg4+ {[%clk 0:09:32]}  Qxg4 {[%clk 0:30:09]} 40. hxg4 {[%clk 0:09:05]}  Kf6 {[%clk 0:29:54]} 41. cxd6 {[%clk 0:10:49]}  cxd6 {[%clk 0:30:38]} 42. Ne1 {[%clk 0:10:22]}  Ke5 {[%clk 0:31:00]} 43. Kh3 {[%clk 0:10:34]}  Kxe4 {[%clk 0:31:23]} 44. Kxh4 {[%clk 0:10:53]}  Ke5 {[%clk 0:31:00]} 45. Kh5 {[%clk 0:11:03]}  Kf6 {[%clk 0:31:58]} 46. Nf3 {[%clk 0:11:10]}  Kg7 {[%clk 0:32:08]} 47. Nd4 {[%clk 0:11:27]}  d5 {[%clk 0:31:09]} 48. g5 {[%clk 0:11:21]}  Kg8 {[%clk 0:30:35]} 49. Kh6 {[%clk 0:10:42]}  Kh8 {[%clk 0:29:43]} 50. Ne6 {[%clk 0:11:07]}  Kg8 {[%clk 0:28:55]} 51. a4 {[%clk 0:10:35]}  Kh8 {[%clk 0:31:23]} 52. g6 {[%clk 0:10:30]}  hxg6 {[%clk 0:31:42]} 53. Kxg6 {[%clk 0:10:54]}  Kg8 {[%clk 0:32:00]} 54. Kf6 {[%clk 0:10:15]}  d4 {[%clk 0:31:55]} 55. Nxd4 {[%clk 0:11:23]}  Kf8 {[%clk 0:32:24]} 56. Ke6 {[%clk 0:10:55]}  Ke8 {[%clk 0:32:45]} 57. Kd6 {[%clk 0:10:59]}  Kd8 {[%clk 0:33:09]} 58. b4 {[%clk 0:11:01]}  Kc8 {[%clk 0:32:27]} 59. a5 {[%clk 0:10:59]}  Kb8 {[%clk 0:31:18]} 60. Nb5 {[%clk 0:10:37]}  a6 {[%clk 0:30:12]} 61. Nc7 {[%clk 0:10:12]}  Ka7 {[%clk 0:33:37]} 62. Kc5 {[%clk 0:09:41]}  Kb8 {[%clk 0:33:50]} 63. Kb6 {[%clk 0:09:44]}  Kc8 {[%clk 0:34:05]} 64. Nxa6 {[%clk 0:09:41]}  bxa6 {[%clk 0:34:26]} 65. Kxa6 {[%clk 0:10:05]}  Kb8 {[%clk 0:34:52]} 66. b5 {[%clk 0:10:17]}  Ka8 {[%clk 0:34:07]} 67. Kb6 {[%clk 0:10:02]}  Kb8 {[%clk 0:35:43]} 68. a6 {[%clk 0:10:11]}  Ka8 {[%clk 0:36:05]} 69. Kc7 {[%clk 0:09:39]}  Ka7 {[%clk 0:36:29]} 70. b6+ {[%clk 0:09:50]}  Ka8 {[%clk 0:36:55]} 71. b7+ {[%clk 0:10:00]} 1-0

[Event "Week's Tournament Elo 1799- (WT1)"]
[Site "Biel, CH"]
[Date "2025.07.24"]
[Round "4"]
[White "Nuh Nizar Hilmi"]
[Black "Saxer, Bruno"]
[Result "0-1"]
[Board "17"]
[WhiteFideId "48754498"]
[BlackFideId "1313657"]
[WhiteElo "1521"]
[BlackElo "1674"]
[WhiteTeam "IND"]
[BlackTeam "SUI"]
[WhiteClock "0:44:08"]
[BlackClock "0:49:45"]
[Variant "Standard"]

1. d4 {[%clk 1:00:56]}  Nf6 {[%clk 0:59:36]} 2. c4 {[%clk 1:01:14]}  c6 {[%clk 0:59:41]} 3. Nf3 {[%clk 1:00:08]}  d5 {[%clk 1:00:02]} 4. g3 {[%clk 1:00:30]}  dxc4 {[%clk 0:58:57]} 5. a4 {[%clk 0:58:50]}  Nbd7 {[%clk 1:00:06]} 6. Bg2 {[%clk 0:58:04]}  e6 {[%clk 0:59:37]} 7. O-O {[%clk 0:56:15]}  Bd6 {[%clk 1:00:28]} 8. Nbd2 {[%clk 0:55:03]}  O-O {[%clk 0:59:25]} 9. Nxc4 {[%clk 0:54:28]}  Bb8 {[%clk 0:52:30]} 10. Qc2 {[%clk 0:53:34]}  b5 {[%clk 0:52:27]} 11. axb5 {[%clk 0:46:17]}  cxb5 {[%clk 0:57:47]} 12. Ng5 {[%clk 0:45:05]}  h6 {[%clk 0:54:51]} 13. Bxa8 {[%clk 0:44:40]}  bxc4 {[%clk 0:55:32]} 14. Ne4 {[%clk 0:42:49]}  Nb6 {[%clk 0:55:25]} 15. Nxf6+ {[%clk 0:42:39]}  Qxf6 {[%clk 0:55:21]} 16. Bg2 {[%clk 0:41:57]}  Rd8 {[%clk 0:53:08]} 17. Rd1 {[%clk 0:40:17]}  Bd7 {[%clk 0:50:45]} 18. e4 {[%clk 0:41:38]}  e5 {[%clk 0:50:58]} 19. d5 {[%clk 0:41:36]}  Bg4 {[%clk 0:50:41]} 20. f3 {[%clk 0:40:59]}  Bh5 {[%clk 0:50:52]} 21. g4 {[%clk 0:41:12]}  Bg6 {[%clk 0:50:58]} 22. Be3 {[%clk 0:41:31]}  Nxd5 {[%clk 0:51:13]} 23. Qe2 {[%clk 0:40:56]}  Nxe3 {[%clk 0:50:48]} 24. Rxd8+ {[%clk 0:41:14]}  Qxd8 {[%clk 0:51:06]} 25. Qxe3 {[%clk 0:41:19]}  Bc7 {[%clk 0:50:04]} 26. Kf1 {[%clk 0:41:14]}  Bb6 {[%clk 0:47:50]} 27. Qc3 {[%clk 0:39:48]}  Qh4 {[%clk 0:45:47]} 28. Qd2 {[%clk 0:38:41]}  Bd4 {[%clk 0:42:00]} 29. Bh1 {[%clk 0:36:07]}  Qf6 {[%clk 0:41:18]} 30. Rc1 {[%clk 0:35:36]}  Bxe4 {[%clk 0:50:29]} 31. Rxc4 {[%clk 0:35:29]}  Bxf3 {[%clk 0:49:26]} 32. Rc8+ {[%clk 0:35:40]}  Kh7 {[%clk 0:49:01]} 33. Bxf3 {[%clk 0:35:34]}  Qa6+ {[%clk 0:48:47]} 34. Kg2 {[%clk 0:35:44]}  Qxc8 {[%clk 0:48:53]} 35. Be4+ {[%clk 0:35:08]}  g6 {[%clk 0:48:55]} 36. h3 {[%clk 0:35:49]}  Qb8 {[%clk 0:47:28]} 37. b4 {[%clk 0:34:25]}  Qb6 {[%clk 0:46:51]} 38. Qa2 {[%clk 0:36:03]}  Kg7 {[%clk 0:47:05]} 39. Bd5 {[%clk 0:36:02]}  Qxb4 {[%clk 0:46:16]} 40. Bxf7 {[%clk 0:36:07]}  Qb2+ {[%clk 0:46:26]} 41. Qxb2 {[%clk 0:36:25]}  Bxb2 {[%clk 0:46:01]} 42. Kf3 {[%clk 0:36:45]}  Kxf7 {[%clk 0:46:57]} 43. Ke4 {[%clk 0:37:09]}  a5 {[%clk 0:47:21]} 44. Kd3 {[%clk 0:37:35]}  a4 {[%clk 0:47:30]} 45. Kc2 {[%clk 0:38:01]}  Bd4 {[%clk 0:47:36]} 46. Kd3 {[%clk 0:37:28]}  Ke6 {[%clk 0:47:38]} 47. Kc2 {[%clk 0:38:51]}  Kd5 {[%clk 0:47:50]} 48. Kb1 {[%clk 0:39:20]}  a3 {[%clk 0:47:58]} 49. Ka2 {[%clk 0:39:47]}  Bb2 {[%clk 0:48:18]} 50. g5 {[%clk 0:40:11]}  hxg5 {[%clk 0:48:04]} 51. h4 {[%clk 0:40:37]}  g4 {[%clk 0:48:20]} 52. h5 {[%clk 0:41:03]}  gxh5 {[%clk 0:48:35]} 53. Kb1 {[%clk 0:41:27]}  g3 {[%clk 0:48:52]} 54. Ka2 {[%clk 0:41:56]}  Bd4 {[%clk 0:49:01]} 55. Kb1 {[%clk 0:42:20]}  a2+ {[%clk 0:49:22]} 56. Kxa2 {[%clk 0:42:46]}  g2 {[%clk 0:49:42]} 57. Kb1 {[%clk 0:43:14]}  g1=Q+ {[%clk 0:49:44]} 58. Ka2 {[%clk 0:43:42]}  Kc4 {[%clk 0:49:56]} 59. Ka3 {[%clk 0:44:08]}  Qa1# {[%clk 0:49:45]} 0-1

[Event "Week's Tournament Elo 1799- (WT1)"]
[Site "Biel, CH"]
[Date "2025.07.24"]
[Round "4"]
[White "Kretschmer, Thomas"]
[Black "Sadeh, David"]
[Result "0-1"]
[Board "18"]
[WhiteFideId "34690883"]
[BlackFideId "1354973"]
[WhiteElo "1659"]
[BlackElo "1520"]
[WhiteTeam "GER"]
[BlackTeam "SUI"]
[WhiteClock "0:20:05"]
[BlackClock "0:23:25"]
[Variant "Standard"]

1. e4 {[%clk 0:55:03]}  e5 {[%clk 1:00:35]} 2. Nf3 {[%clk 0:55:25]}  Nc6 {[%clk 1:00:51]} 3. Bb5 {[%clk 0:55:53]}  a6 {[%clk 1:01:02]} 4. Ba4 {[%clk 0:56:21]}  Nf6 {[%clk 1:01:09]} 5. O-O {[%clk 0:56:38]}  Nxe4 {[%clk 1:00:33]} 6. d4 {[%clk 0:56:19]}  exd4 {[%clk 0:59:00]} 7. Nxd4 {[%clk 0:56:46]}  Nxd4 {[%clk 0:58:41]} 8. Qxd4 {[%clk 0:57:13]}  Nf6 {[%clk 0:58:18]} 9. Re1+ {[%clk 0:54:29]}  Be7 {[%clk 0:58:36]} 10. Nd2 {[%clk 0:52:20]}  O-O {[%clk 0:58:19]} 11. Nf3 {[%clk 0:52:43]}  Re8 {[%clk 0:55:40]} 12. Bd2 {[%clk 0:51:30]}  b6 {[%clk 0:51:33]} 13. c4 {[%clk 0:47:46]}  Bc5 {[%clk 0:50:59]} 14. Qd3 {[%clk 0:44:34]}  Ng4 {[%clk 0:48:39]} 15. Nd4 {[%clk 0:38:22]}  Bb7 {[%clk 0:44:24]} 16. Bc2 {[%clk 0:37:07]}  Qh4 {[%clk 0:31:43]} 17. Qg3 {[%clk 0:31:12]}  Qxg3 {[%clk 0:30:56]} 18. hxg3 {[%clk 0:31:39]}  Rxe1+ {[%clk 0:30:20]} 19. Rxe1 {[%clk 0:30:45]}  Bxd4 {[%clk 0:31:21]} 20. Re2 {[%clk 0:28:49]}  Nf6 {[%clk 0:30:13]} 21. b3 {[%clk 0:26:12]}  Re8 {[%clk 0:29:05]} 22. Kf1 {[%clk 0:24:24]}  Bxg2+ {[%clk 0:27:23]} 23. Ke1 {[%clk 0:24:09]}  Ne4 {[%clk 0:25:14]} 24. Bxe4 {[%clk 0:20:40]}  Rxe4 {[%clk 0:24:57]} 25. Be3 {[%clk 0:20:33]}  Bc3+ {[%clk 0:24:04]} 26. Kd1 {[%clk 0:20:05]}  Bf3 {[%clk 0:23:25]} 0-1

[Event "Week's Tournament Elo 1799- (WT1)"]
[Site "Biel, CH"]
[Date "2025.07.24"]
[Round "4"]
[White "Shahmammadli, Ramiz"]
[Black "Schlegel, Thomas"]
[Result "0-1"]
[Board "19"]
[WhiteFideId "1349392"]
[BlackFideId "1333690"]
[WhiteElo "1503"]
[BlackElo "1632"]
[WhiteTeam "SUI"]
[BlackTeam "SUI"]
[WhiteClock "0:01:04"]
[BlackClock "0:00:32"]
[Variant "Standard"]

1. e4 {[%clk 0:58:16]}  e6 {[%clk 0:59:55]} 2. d4 {[%clk 0:58:40]}  d5 {[%clk 1:00:20]} 3. Nc3 {[%clk 0:59:05]}  Nf6 {[%clk 1:00:33]} 4. exd5 {[%clk 0:59:00]}  exd5 {[%clk 0:57:49]} 5. Bg5 {[%clk 0:58:53]}  c6 {[%clk 0:57:54]} 6. Qd2 {[%clk 0:59:15]}  Bd6 {[%clk 0:55:18]} 7. O-O-O {[%clk 0:59:27]}  O-O {[%clk 0:55:34]} 8. f3 {[%clk 0:59:39]}  Be6 {[%clk 0:54:08]} 9. g4 {[%clk 0:57:38]}  Nbd7 {[%clk 0:54:11]} 10. h4 {[%clk 0:57:40]}  Qc7 {[%clk 0:44:23]} 11. Be3 {[%clk 0:55:57]}  Rfe8 {[%clk 0:40:52]} 12. Kb1 {[%clk 0:53:19]}  b5 {[%clk 0:37:40]} 13. h5 {[%clk 0:42:32]}  Nf8 {[%clk 0:32:30]} 14. g5 {[%clk 0:42:24]}  N6d7 {[%clk 0:28:57]} 15. g6 {[%clk 0:32:24]}  fxg6 {[%clk 0:28:47]} 16. h6 {[%clk 0:32:09]}  Nf6 {[%clk 0:28:21]} 17. hxg7 {[%clk 0:32:19]}  Qxg7 {[%clk 0:28:34]} 18. Bh6 {[%clk 0:31:48]}  Qf7 {[%clk 0:24:59]} 19. Nh3 {[%clk 0:30:38]}  Bxh3 {[%clk 0:22:29]} 20. Rxh3 {[%clk 0:27:35]}  Nh5 {[%clk 0:17:32]} 21. Qg2 {[%clk 0:14:16]}  Nf4 {[%clk 0:13:52]} 22. Bxf4 {[%clk 0:14:32]}  Qxf4 {[%clk 0:11:21]} 23. Bd3 {[%clk 0:14:15]}  Re7 {[%clk 0:07:11]} 24. Rdh1 {[%clk 0:04:05]}  Rg7 {[%clk 0:07:27]} 25. Rh4 {[%clk 0:04:24]}  Qf6 {[%clk 0:04:44]} 26. a3 {[%clk 0:00:56]}  a5 {[%clk 0:03:39]} 27. Ne2 {[%clk 0:00:50]}  b4 {[%clk 0:03:06]} 28. a4 {[%clk 0:00:34]}  Re8 {[%clk 0:02:24]} 29. Ng3 {[%clk 0:00:40]}  Re3 {[%clk 0:02:19]} 30. Rf1 {[%clk 0:00:42]}  Qxh4 {[%clk 0:02:06]} 31. Ne2 {[%clk 0:00:38]}  Qf6 {[%clk 0:00:41]} 32. Rh1 {[%clk 0:00:32]}  Qxf3 {[%clk 0:00:45]} 33. Qg1 {[%clk 0:00:32]}  Rxd3 {[%clk 0:00:53]} 34. cxd3 {[%clk 0:00:50]}  Qxd3+ {[%clk 0:00:58]} 35. Ka1 {[%clk 0:00:33]}  Qxe2 {[%clk 0:01:14]} 36. Qc1 {[%clk 0:00:53]}  Qe4 {[%clk 0:00:58]} 37. Rd1 {[%clk 0:01:00]}  Rc7 {[%clk 0:00:31]} 38. Qd2 {[%clk 0:01:04]}  Ne6 {[%clk 0:00:32]} 0-1

[Event "Week's Tournament Elo 1799- (WT1)"]
[Site "Biel, CH"]
[Date "2025.07.24"]
[Round "4"]
[White "Khusainau, Dzmitry"]
[Black "Trzcinska, Wiktoria"]
[Result "1-0"]
[Board "25"]
[WhiteFideId "1367471"]
[BlackFideId "91111706"]
[WhiteElo "1682"]
[BlackElo "1568"]
[WhiteTeam "SUI"]
[BlackTeam "POL"]
[WhiteClock "0:06:35"]
[BlackClock "0:10:31"]
[Variant "Standard"]

1. f4 {[%clk 1:00:51]}  d5 {[%clk 1:00:33]} 2. Nf3 {[%clk 1:01:13]}  Bg4 {[%clk 0:59:31]} 3. e3 {[%clk 1:01:14]}  f6 {[%clk 0:52:38]} 4. h3 {[%clk 1:00:37]}  Bxf3 {[%clk 0:52:16]} 5. Qxf3 {[%clk 1:00:54]}  e6 {[%clk 0:45:38]} 6. Bd3 {[%clk 0:56:28]}  Qd7 {[%clk 0:42:51]} 7. Qh5+ {[%clk 0:55:26]}  Qf7 {[%clk 0:42:32]} 8. Qxf7+ {[%clk 0:54:11]}  Kxf7 {[%clk 0:41:43]} 9. Nc3 {[%clk 0:53:24]}  c6 {[%clk 0:39:05]} 10. b3 {[%clk 0:52:56]}  Bd6 {[%clk 0:33:12]} 11. Bb2 {[%clk 0:50:32]}  Ne7 {[%clk 0:33:43]} 12. O-O-O {[%clk 0:47:28]}  Nd7 {[%clk 0:32:51]} 13. Ne2 {[%clk 0:42:50]}  e5 {[%clk 0:24:30]} 14. c3 {[%clk 0:36:14]}  exf4 {[%clk 0:29:21]} 15. Nxf4 {[%clk 0:35:50]}  Bxf4 {[%clk 0:26:00]} 16. exf4 {[%clk 0:35:45]}  Nc5 {[%clk 0:24:38]} 17. Bc2 {[%clk 0:33:03]}  Ne4 {[%clk 0:24:51]} 18. Bxe4 {[%clk 0:28:54]}  dxe4 {[%clk 0:23:43]} 19. c4 {[%clk 0:27:04]}  Rhd8 {[%clk 0:19:43]} 20. g4 {[%clk 0:25:19]}  g6 {[%clk 0:19:00]} 21. Rhg1 {[%clk 0:24:45]}  f5 {[%clk 0:18:45]} 22. gxf5 {[%clk 0:24:11]}  Nxf5 {[%clk 0:17:24]} 23. Rde1 {[%clk 0:23:18]}  Re8 {[%clk 0:16:55]} 24. Be5 {[%clk 0:22:55]}  Nh4 {[%clk 0:15:08]} 25. Rxe4 {[%clk 0:19:37]}  Nf3 {[%clk 0:14:58]} 26. Rf1 {[%clk 0:19:05]}  Nxe5 {[%clk 0:14:55]} 27. fxe5+ {[%clk 0:18:15]}  Kg7 {[%clk 0:12:54]} 28. d4 {[%clk 0:16:36]}  Rad8 {[%clk 0:14:06]} 29. Rd1 {[%clk 0:13:56]}  Rd7 {[%clk 0:13:01]} 30. d5 {[%clk 0:13:22]}  cxd5 {[%clk 0:12:53]} 31. cxd5 {[%clk 0:12:31]}  Red8 {[%clk 0:12:33]} 32. d6 {[%clk 0:11:29]}  g5 {[%clk 0:10:37]} 33. Kb2 {[%clk 0:07:45]}  Kg6 {[%clk 0:09:24]} 34. e6 {[%clk 0:05:36]}  Rxd6 {[%clk 0:10:11]} 35. Rxd6 {[%clk 0:05:57]}  Rxd6 {[%clk 0:10:36]} 36. e7 {[%clk 0:06:20]}  Rd2+ {[%clk 0:10:38]} 37. Ka3 {[%clk 0:06:20]}  a5 {[%clk 0:10:14]} 38. e8=Q+ {[%clk 0:06:18]}  Kf5 {[%clk 0:09:49]} 39. Qe5+ {[%clk 0:05:49]}  Kg6 {[%clk 0:09:45]} 40. Qxa5 {[%clk 0:05:56]}  Rd6 {[%clk 0:09:48]} 41. Qe5 {[%clk 0:04:48]}  Ra6+ {[%clk 0:09:51]} 42. Kb2 {[%clk 0:04:47]}  h5 {[%clk 0:09:54]} 43. Qe8+ {[%clk 0:04:16]}  Kh6 {[%clk 0:09:39]} 44. Re6+ {[%clk 0:04:31]}  Rxe6 {[%clk 0:09:23]} 45. Qxe6+ {[%clk 0:04:56]}  Kg7 {[%clk 0:09:50]} 46. Qf5 {[%clk 0:03:52]}  Kg8 {[%clk 0:09:44]} 47. Qxg5+ {[%clk 0:05:07]}  Kh8 {[%clk 0:10:03]} 48. Kc3 {[%clk 0:05:10]}  Kh7 {[%clk 0:09:49]} 49. Kd4 {[%clk 0:05:33]}  Kh8 {[%clk 0:10:08]} 50. Ke5 {[%clk 0:05:57]}  b5 {[%clk 0:10:19]} 51. Kf6 {[%clk 0:06:16]}  Kh7 {[%clk 0:10:31]} 52. Qg7+ {[%clk 0:06:35]} 1-0

[Event "Week's Tournament Elo 1799- (WT1)"]
[Site "Biel, CH"]
[Date "2025.07.24"]
[Round "4"]
[White "Morgan, Jesus Alberto"]
[Black "Zhang, Zichen"]
[Result "1-0"]
[Board "26"]
[WhiteFideId "1339575"]
[BlackFideId "1359584"]
[WhiteElo "1542"]
[BlackElo "1587"]
[WhiteTeam "SUI"]
[BlackTeam "SUI"]
[WhiteClock "0:56:17"]
[BlackClock "0:49:07"]
[Variant "Standard"]

1. e4 {[%clk 1:00:54]}  e6 {[%clk 1:00:56]} 2. d4 {[%clk 1:01:05]}  d5 {[%clk 1:01:22]} 3. e5 {[%clk 1:01:29]}  c5 {[%clk 1:01:48]} 4. c3 {[%clk 1:01:54]}  Nc6 {[%clk 1:02:15]} 5. Nf3 {[%clk 1:02:16]}  Qb6 {[%clk 1:02:07]} 6. Bd3 {[%clk 1:02:09]}  cxd4 {[%clk 1:01:20]} 7. O-O {[%clk 1:02:28]}  Nge7 {[%clk 0:57:57]} 8. h4 {[%clk 1:02:39]}  g6 {[%clk 0:57:53]} 9. cxd4 {[%clk 1:01:10]}  Nxd4 {[%clk 0:58:06]} 10. Nxd4 {[%clk 1:01:31]}  Qxd4 {[%clk 0:58:07]} 11. Bb5+ {[%clk 1:01:51]}  Nc6 {[%clk 0:57:26]} 12. Bxc6+ {[%clk 0:58:56]}  bxc6 {[%clk 0:57:14]} 13. Qxd4 {[%clk 0:59:17]}  Bg7 {[%clk 0:55:53]} 14. Qc5 {[%clk 0:57:36]}  Bxe5 {[%clk 0:53:55]} 15. Qxc6+ {[%clk 0:57:44]}  Bd7 {[%clk 0:53:10]} 16. Qxa8+ {[%clk 0:57:53]}  Ke7 {[%clk 0:53:32]} 17. Bg5+ {[%clk 0:57:45]}  f6 {[%clk 0:53:35]} 18. Qxh8 {[%clk 0:57:56]}  Bxb2 {[%clk 0:53:37]} 19. Qg7+ {[%clk 0:56:41]}  Kd6 {[%clk 0:51:34]} 20. Bxf6 {[%clk 0:56:22]}  Bxf6 {[%clk 0:51:28]} 21. Qxf6 {[%clk 0:56:42]}  Bb5 {[%clk 0:49:56]} 22. Re1 {[%clk 0:55:40]}  Bd7 {[%clk 0:50:47]} 23. Nc3 {[%clk 0:55:53]}  h5 {[%clk 0:49:36]} 24. Rac1 {[%clk 0:55:42]}  a5 {[%clk 0:49:06]} 25. Nb5+ {[%clk 0:56:01]}  Bxb5 {[%clk 0:49:07]} 26. Qxe6# {[%clk 0:56:17]} 1-0

[Event "Week's Tournament Elo 1799- (WT1)"]
[Site "Biel, CH"]
[Date "2025.07.25"]
[Round "5"]
[White "Zumbrunn, Simon"]
[Black "Filimonov, Arsenii"]
[Result "0-1"]
[Board "1"]
[WhiteFideId "1364146"]
[BlackFideId "34171584"]
[WhiteElo "1686"]
[BlackElo "1666"]
[WhiteTeam "SUI"]
[BlackTeam "SUI"]
[WhiteClock "0:08:25"]
[BlackClock "0:03:03"]
[Variant "Standard"]

1. e4 {[%clk 1:00:58]}  c5 {[%clk 1:00:56]} 2. Nf3 {[%clk 1:01:24]}  e6 {[%clk 1:01:17]} 3. d4 {[%clk 1:01:46]}  cxd4 {[%clk 1:01:40]} 4. Nxd4 {[%clk 1:02:11]}  a6 {[%clk 1:00:55]} 5. Nc3 {[%clk 1:01:40]}  Qc7 {[%clk 1:02:24]} 6. Bd3 {[%clk 1:00:58]}  d6 {[%clk 1:02:13]} 7. O-O {[%clk 1:00:09]}  Bd7 {[%clk 1:02:23]} 8. Kh1 {[%clk 1:01:02]}  Nf6 {[%clk 0:59:44]} 9. f4 {[%clk 1:00:48]}  Nc6 {[%clk 1:01:52]} 10. Nde2 {[%clk 0:59:25]}  b5 {[%clk 1:00:07]} 11. Ng3 {[%clk 0:56:11]}  Be7 {[%clk 0:58:27]} 12. Be3 {[%clk 0:55:22]}  O-O {[%clk 0:55:18]} 13. Qf3 {[%clk 0:52:06]}  Rfe8 {[%clk 0:52:10]} 14. h3 {[%clk 0:47:40]}  Bf8 {[%clk 0:49:53]} 15. Rae1 {[%clk 0:42:51]}  Bc8 {[%clk 0:44:27]} 16. Nh5 {[%clk 0:42:00]}  Nxh5 {[%clk 0:44:22]} 17. Qxh5 {[%clk 0:46:00]}  g6 {[%clk 0:41:31]} 18. Qf3 {[%clk 0:41:40]}  Bb7 {[%clk 0:40:07]} 19. Qf2 {[%clk 0:37:19]}  Bg7 {[%clk 0:39:31]} 20. f5 {[%clk 0:31:23]}  Ne5 {[%clk 0:38:55]} 21. f6 {[%clk 0:39:46]}  Bf8 {[%clk 0:37:17]} 22. Qh4 {[%clk 0:38:40]}  Rec8 {[%clk 0:33:28]} 23. Ne2 {[%clk 0:36:42]}  Qd8 {[%clk 0:31:30]} 24. Nf4 {[%clk 0:29:59]}  Qe8 {[%clk 0:28:50]} 25. Qg5 {[%clk 0:26:08]}  Nc4 {[%clk 0:26:59]} 26. Bc1 {[%clk 0:24:42]}  Rc5 {[%clk 0:24:36]} 27. Qg3 {[%clk 0:21:49]}  Qd8 {[%clk 0:23:34]} 28. b3 {[%clk 0:19:53]}  Ne5 {[%clk 0:21:31]} 29. Be3 {[%clk 0:17:45]}  Nxd3 {[%clk 0:20:13]} 30. cxd3 {[%clk 0:28:06]}  Rc2 {[%clk 0:11:55]} 31. Nxe6 {[%clk 0:22:11]}  Qe8 {[%clk 0:15:47]} 32. Nxf8 {[%clk 0:21:14]}  Qxf8 {[%clk 0:15:08]} 33. Bf4 {[%clk 0:18:34]}  Rc6 {[%clk 0:13:16]} 34. Qe3 {[%clk 0:18:46]}  Rd8 {[%clk 0:10:51]} 35. Bh6 {[%clk 0:18:26]}  Qe8 {[%clk 0:12:44]} 36. Bg7 {[%clk 0:15:20]}  Rc5 {[%clk 0:10:47]} 37. d4 {[%clk 0:12:21]}  Rh5 {[%clk 0:07:12]} 38. g4 {[%clk 0:15:40]}  Rh4 {[%clk 0:06:06]} 39. Kh2 {[%clk 0:15:07]}  Rc8 {[%clk 0:04:20]} 40. Rf4 {[%clk 0:13:07]}  b4 {[%clk 0:03:56]} 41. Rc1 {[%clk 0:10:40]}  Rxc1 {[%clk 0:03:24]} 42. Qxc1 {[%clk 0:11:06]}  g5 {[%clk 0:03:38]} 43. Rf1 {[%clk 0:08:34]}  Qxe4 {[%clk 0:03:32]} 44. Qd2 {[%clk 0:08:25]}  Qxg4 {[%clk 0:03:03]} 0-1

[Event "Week's Tournament Elo 1799- (WT1)"]
[Site "Biel, CH"]
[Date "2025.07.25"]
[Round "5"]
[White "Thorens, Johan"]
[Black "Tellenbach, Benjamin"]
[Result "1-0"]
[Board "2"]
[WhiteFideId "1364375"]
[BlackFideId "1367420"]
[WhiteElo "1657"]
[BlackElo "1645"]
[WhiteTeam "SUI"]
[BlackTeam "SUI"]
[WhiteClock "0:16:12"]
[BlackClock "0:07:05"]
[Variant "Standard"]

1. c4 {[%clk 1:00:58]}  e5 {[%clk 1:00:54]} 2. Nc3 {[%clk 1:01:21]}  Nf6 {[%clk 1:01:18]} 3. g3 {[%clk 1:01:41]}  d5 {[%clk 1:01:38]} 4. cxd5 {[%clk 1:01:07]}  Nxd5 {[%clk 0:59:25]} 5. Bg2 {[%clk 1:00:59]}  Nb6 {[%clk 0:58:31]} 6. e3 {[%clk 0:54:08]}  Be7 {[%clk 0:54:23]} 7. Nge2 {[%clk 0:47:47]}  O-O {[%clk 0:53:57]} 8. d4 {[%clk 0:43:58]}  exd4 {[%clk 0:53:32]} 9. Nxd4 {[%clk 0:37:08]}  Bf6 {[%clk 0:53:03]} 10. O-O {[%clk 0:34:41]}  c6 {[%clk 0:43:13]} 11. Ne4 {[%clk 0:32:19]}  Bxd4 {[%clk 0:41:13]} 12. exd4 {[%clk 0:30:29]}  Re8 {[%clk 0:39:01]} 13. Bf4 {[%clk 0:28:13]}  Nd5 {[%clk 0:35:17]} 14. Bd2 {[%clk 0:18:40]}  Be6 {[%clk 0:26:37]} 15. Nc5 {[%clk 0:17:42]}  Bc8 {[%clk 0:22:13]} 16. f4 {[%clk 0:15:25]}  Qd6 {[%clk 0:19:36]} 17. Ne4 {[%clk 0:10:17]}  Qd8 {[%clk 0:17:02]} 18. f5 {[%clk 0:02:37]}  Ne7 {[%clk 0:15:56]} 19. Bg5 {[%clk 0:20:09]}  Kh8 {[%clk 0:08:25]} 20. f6 {[%clk 0:19:44]}  gxf6 {[%clk 0:08:07]} 21. Bxf6+ {[%clk 0:18:22]}  Kg8 {[%clk 0:07:33]} 22. Qh5 {[%clk 0:18:15]}  Qd5 {[%clk 0:07:05]} 23. Qh6 {[%clk 0:16:12]} 1-0